000 00515nam a2200193Ia 4500
008 100315s9999 xx 000 0 und d
082 _b538 
100 _a"KAKAR, K. L. "
245 _aTRASPORT COSTS:RAIL AND ROAD
260 _aMumbai 
_bVora & co.  
_c1968 
300 _a45p. 
365 _eRupees 
_d
_b1.50 
366 _f
505 _gTushar Jadhav 
620 _aTransport Cost 
630 _aTRASPORT COSTS:RAIL AND ROAD
730 _aTRASPORT COSTS:RAIL AND ROAD
942 _cBOOK
999 _c475273
_d475270